Tous les Vices-Amiraux connus dans One Piece - Statistiques

Statistiques générales
  • Ce quiz a été pris 49 fois
    23 depuis la dernière actualisation
  • Le résultat moyen est 26 sur 44
Statistiques - réponses
Vice-Amiraux dans One Piece % Correct
Monkey D.Garp
100%
Smoker
94%
Bastille
88%
Dalmatien
88%
Doberman
81%
John Giant
81%
Kuzan Aokiji
81%
Maynard
81%
Momonga
81%
Sengoku
81%
Tsuru
81%
Borsalino Kizaru
75%
Kong
75%
Sakazuki Akainu
75%
Doll
69%
Gion
69%
Onigumo
69%
T-Bone
69%
Bluegrass
63%
Haguar D.Sauro
63%
Tokikake
63%
Cancer
56%
Lacroix
56%
Ronse
56%
Stainless
56%
Strawberry
56%
Vergo
56%
Komir
50%
Red King
50%
Yamakaji
50%
Draw
44%
Mozambia
44%
Nazu Ketagari
44%
Pomsky
44%
Tosa
44%
Zephyr
44%
Guillotine
38%
Hound
38%
Urban
38%
Ain
25%
Ototogisu
25%
Binz
19%
Jonathan
19%
Shuzo
19%
Aucun quiz correspondant
Distribution des résultats
% des personnes avec chaque résultat
Percentile par nombre de réponses
Votre historique - résultats
Vous n’avez pas pris ce quiz depuis la dernière actualisation